000 00534nam a2200193Ia 4500
003 GCL
008 140319s9999 xx 000 0 eng d
040 _aGCL /
_cGCL
082 0 4 _a953
_bP N
100 1 _aPLANBOL, XAVIER DE
245 1 0 _aLES NATIONS DU PROPHETE : MANUEL GEOGRAPHIQUE DE POLITIQUE MUSULMANE /
_cPLANBOL, XAVIER DE
260 _a[S.N] :
_bFAYARD ،
_c1993
300 _a894
650 0 4 _aنجد
650 0 4 _aحوادث المرور
650 0 4 _aISLAMIC COUNTRIES
650 0 4 _aISLAMIC WORLD
942 _2ddc
_cBK
999 _c25409
_d25409